[Event "FRA-ch"]
[Site "Meribel"]
[Date "1998.08.18"]
[Round "5"]
[White "Vaisser, Anatoli"]
[Black "Chabanon, Jean Luc"]
[Result "1/2-1/2"]
[WhiteElo "2575"]
[BlackElo "2490"]
[PlyCount "138"]
[EventDate "1998.08.14"]
[Source "ChessBase"]
[SourceDate "1998.11.30"]

1. d4 Nf6 2. c4 e6 3. Nc3 Bb4 4. e3 b6 5. Nge2 Ne4 6. f3 Nxc3 7. bxc3 Be7 8. Ng3 h5 9. Bd3 h4 10. Nf1 Nc6 11. e4 e5 12. Be3 exd4 13. cxd4 Bb4+ 14. Kf2 Bc3 15. d5 Ne5 16. Rc1 Qf6 17. h3 Bb2 18. Rc2 c5 19. Rxb2 Nxd3+ 20. Qxd3 Qxb2+ 21. Nd2 d6 22. Bf4 Ba6 23. e5 Qd4+ 24. Qxd4 cxd4 25. Ne4 dxe5 26. Bxe5 O-O 27. Nd6 Rfd8 28. Rd1 f6 29. Bh2 Rd7 30. Rxd4 Rad8 31. Nf5 Rc8 32. Ne3 Rc5 33. d6 Ra5 34. Rd2 Ra4 35. Rc2 Kf7 36. Ke2 Ke6 37. Kd3 Rxd6+ 38. Bxd6 Kxd6 39. Kd4 Bc8 40. f4 Be6 41. Rb2 Kc6 42. Kd3 a6 43. f5 Bf7 44. g3 hxg3 45. Rg2 Kc5 46. Rxg3 Ra3+ 47. Ke4 Bxc4 48. Rxg7 Bxa2 49. Rg6 Bb1+ 50. Kf4 Ra4+ 51. Kg3 Re4 52. Ng4 a5 53. Nxf6 Rd4 54. Rg7 a4 55. Nd7+ Rxd7 56. Rxd7 Bxf5 57. Ra7 b5 58. h4 Bg6 59. Kf4 Kb4 60. Ra6 Bb1 61. Ke3 a3 62. Kd2 a2 63. Kc1 Kb3 64. h5 Bh7 65. h6 b4 66. Ra8 Bg8 67. Ra7 Bh7 68. Ra8 Bg8 69. Ra7 Bh7 1/2-1/2

[Event "Katerini op"]
[Site "Katerini"]
[Date "1992.??.??"]
[Round "?"]
[White "Zaichik, Gennadi"]
[Black "Kengis, Edvins"]
[Result "1/2-1/2"]
[WhiteElo "2475"]
[BlackElo "2590"]
[PlyCount "49"]
[EventDate "1992.08.??"]
[Source "ChessBase"]

1. d4 Nf6 2. c4 e6 3. Nc3 Bb4 4. e3 b6 5. Nge2 Bb7 6. a3 Be7 7. Nf4 O-O 8. Bd3 d5 9. cxd5 exd5 10. b4 c6 11. O-O Qd6 12. a4 a5 13. b5 c5 14. Ba3 Nbd7 15. Qf3 Rfd8 16. Rfd1 Bf8 17. Bc2 Qc7 18. Bb3 c4 19. Bc2 Bxa3 20. Rxa3 Qd6 21. Raa1 Nf8 22. Qh3 Ng6 23. Nfe2 Qe7 24. Bxg6 hxg6 25. Qf5 1/2-1/2

[Event "Warsaw POL, 5. Amplico AIG"]
[Site "?"]
[Date "2005.12.17"]
[Round "3"]
[White "Aleksandrov Aleksej"]
[Black "Hunt Harriet"]
[Result "1-0"]
[WhiteElo "2636"]
[BlackElo "2422"]
[PlyCount "103"]
[EventDate "2005.??.??"]
[Source "www.chesslib.no"]
[SourceDate "2004.05.04"]

1. d4 Nf6 2. c4 e6 3. Nc3 Bb4 4. e3 b6 5. Nge2 Ne4 6. Qc2 Bb7 7. a3 Bxc3+ 8. Nxc3 Nxc3 9. Qxc3 O-O 10. b4 d6 11. Bb2 Nd7 12. c5 Bd5 13. c6 Nf6 14. f3 Re8 15. e4 Nxe4 16. fxe4 Qh4+ 17. Kd2 Qxe4 18. Re1 Qf4+ 19. Qe3 Qg4 20. Qg3 Qh5 21. h4 f6 22. Be2 Qh6+ 23. Kc3 Bxc6 24. h5 f5 25. Bc4 b5 26. Bb3 Be4 27. Bc1 Qf6 28. Qg5 Qf7 29. h6 g6 30. Rhf1 Qd7 31. g4 d5 32. Bf4 a5 33. Kb2 Rf8 34. Be5 Rf7 35. gxf5 exf5 36. Qd2 axb4 37. axb4 c6 38. Ra1 Rff8 39. Qg5 Qf7 40. Rfe1 Rxa1 41. Rxa1 f4 42. Bd6 Re8 43. Qxf4 Bf5 44. Be5 Qe7 45. Kc3 Be4 46. Rf1 Bf5 47. Rg1 Bd7 48. Bc2 Rf8 49. Qg3 Qe6 50. Bxg6 hxg6 51. Qxg6+ Qxg6 52. Rxg6+ 1-0

[Event "Los Inmortales Open 4th"]
[Site "?"]
[Date "2002.12.05"]
[Round "9"]
[White "Pogorelov Ruslan"]
[Black "Moiseenko Alexander"]
[Result "0-1"]
[WhiteElo "2488"]
[BlackElo "2570"]
[PlyCount "120"]
[EventDate "2002.??.??"]
[Source "www.chesslib.no"]
[SourceDate "2004.05.04"]

1. d4 Nf6 2. c4 e6 3. Nc3 Bb4 4. e3 b6 5. Nge2 Ne4 6. Bd2 Nxd2 7. Qxd2 Bb7 8. a3 Be7 9. d5 O-O 10. g3 d6 11. Bg2 e5 12. O-O Nd7 13. f4 a5 14. Qc2 h5 15. h3 g6 16. Bf3 exf4 17. exf4 Bf6 18. g4 hxg4 19. hxg4 Bg7 20. g5 Qe7 21. Kg2 Rae8 22. Rad1 Bc8 23. b4 axb4 24. axb4 Ne5 25. fxe5 Qxg5+ 26. Ng3 Bxe5 27. Nce4 Qe7 28. Qd2 f5 29. Qg5 fxe4 30. Qxg6+ Qg7 31. Bxe4 Bg4 32. Rde1 Qxg6 33. Bxg6 Ra8 34. Rxf8+ Kxf8 35. Rf1+ Kg8 36. Bf5 Ra3 37. Ne4 Ra2+ 38. Kh1 Bxf5 39. Rxf5 Ra4 40. b5 Rxc4 41. Ng5 Rc5 42. Ne6 Rxb5 43. Nxc7 Rc5 44. Ne6 Rxd5 45. Rf8+ Kh7 46. Rb8 Rb5 47. Kg2 Rb3 48. Kf2 Kg6 49. Rf8 b5 50. Ke2 b4 51. Nf4+ Kg7 52. Ne6+ Kh6 53. Rb8 Rb1 54. Nd8 b3 55. Nf7+ Kg6 56. Nxe5+ dxe5 57. Kd2 Kf5 58. Rb4 b2 59. Kc2 Rc1+ 60. Kxb2 Rc8 0-1

[Event "Jersey op"]
[Site "St Helier"]
[Date "2000.02.22"]
[Round "3"]
[White "Hillarp Persson, Tiger"]
[Black "Ward, Christopher"]
[Result "1/2-1/2"]
[WhiteElo "2548"]
[BlackElo "2509"]
[PlyCount "59"]
[EventDate "2000.02.20"]
[Source "ChessBase"]
[SourceDate "2000.03.10"]

1. d4 Nf6 2. c4 e6 3. Nc3 Bb4 4. e3 b6 5. Nge2 Ne4 6. Bd2 Nxd2 7. Qxd2 O-O 8. a3 Be7 9. Nf4 d6 10. Be2 c6 11. Nd3 Nd7 12. f4 d5 13. cxd5 exd5 14. O-O Nf6 15. Ne5 Qd6 16. Rad1 Bf5 17. Bd3 Bxd3 18. Qxd3 Ne8 19. e4 Nf6 20. exd5 Nxd5 21. Ne4 Qh6 22. Rf3 Nxf4 23. Qd2 g5 24. h4 Qxh4 25. Nxc6 Rae8 26. Re1 f5 27. Nxe7+ Rxe7 28. Nf6+ Kf7 29. Rxe7+ Kxe7 30. Qb4+ 1/2-1/2

[Event "Finjub30 GM1"]
[Site "Finjub30 GM1"]
[Date "1992.??.??"]
[Round "?"]
[White "McAlpine, Kenneth B"]
[Black "Palmo, Pentti Olavi"]
[Result "1/2-1/2"]
[WhiteElo "2555"]
[BlackElo "2500"]
[PlyCount "35"]
[EventDate "1992.??.??"]
[Source "www.chesslib.no"]
[SourceDate "2004.05.04"]

1. d4 Nf6 2. c4 e6 3. Nc3 Bb4 4. e3 b6 5. Nge2 Ne4 6. Bd2 Nxd2 7. Qxd2 Bb7 8. a3 Be7 9. d5 O-O 10. g3 exd5 11. cxd5 c5 12. Bh3 d6 13. f4 a6 14. a4 Bc8 15. Bg2 Re8 16. e4 Ra7 17. O-O Bf6 18. Rab1 1/2-1/2

[Event "Lone Pine op"]
[Site "Lone Pine"]
[Date "1978.??.??"]
[Round "3"]
[White "Petrosian, Tigran V"]
[Black "Bisguier, Arthur Bernard"]
[Result "1/2-1/2"]
[WhiteElo "2620"]
[BlackElo "2435"]
[PlyCount "33"]
[EventDate "1978.04.??"]
[Source "ChessBase"]

1. d4 Nf6 2. c4 e6 3. Nc3 Bb4 4. e3 b6 5. Nge2 Ne4 6. Bd2 Nxd2 7. Qxd2 Ba6 8. a3 Bxc3 9. Qxc3 O-O 10. d5 exd5 11. cxd5 c5 12. dxc6 Nxc6 13. Nf4 Bxf1 14. Kxf1 Rc8 15. Rd1 Re8 16. h4 Re5 17. Qd2 1/2-1/2

[Event "IBM"]
[Site "Amsterdam"]
[Date "1974.??.??"]
[Round "2"]
[White "Knaak, Rainer"]
[Black "Timman, Jan H"]
[Result "0-1"]
[WhiteElo "2515"]
[BlackElo "2540"]
[PlyCount "90"]
[EventDate "1974.??.??"]
[Source "ChessBase"]

1. d4 Nf6 2. c4 e6 3. Nc3 Bb4 4. e3 b6 5. Nge2 Ne4 6. Qc2 f5 7. f3 Nxc3 8. bxc3 Bd6 9. e4 O-O 10. e5 Be7 11. Nf4 d6 12. exd6 Bxd6 13. Bd3 c5 14. d5 e5 15. Ne2 Qh4+ 16. g3 Qh3 17. Ng1 Qh5 18. Be3 Nd7 19. O-O-O Nf6 20. h3 Bd7 21. Qg2 e4 22. fxe4 Nxe4 23. Ne2 Qg6 24. Rhg1 Rae8 25. Bf4 Bxf4+ 26. gxf4 Qf6 27. Kb2 Re7 28. Rc1 Rfe8 29. Bxe4 fxe4 30. Qg3 e3 31. Rcd1 Bf5 32. h4 h5 33. Qg5 Qxg5 34. Rxg5 Bg4 35. Re1 Re4 36. f5 Bxe2 37. Rxe2 Rxh4 38. f6 Rg4 39. Rxh5 gxf6 40. d6 Rg7 41. Reh2 e2 42. Rh8+ Kf7 43. Rxe8 Kxe8 44. Rxe2+ Kd7 45. Rd2 f5 0-1

[Event "USSR (ch)"]
[Site "?"]
[Date "1987.??.??"]
[Round "?"]
[White "Gurevich, M."]
[Black "Khalifman, A."]
[Result "1-0"]
[WhiteElo "2540"]
[BlackElo "2515"]
[PlyCount "91"]
[EventDate "1987.??.??"]
[Source "ChessBase"]
[SourceDate "1987.01.01"]

1. c4 Nf6 2. Nc3 e6 3. d4 Bb4 4. e3 b6 5. Nge2 Bb7 6. a3 Be7 7. d5 O-O 8. Ng3 d6 9. Be2 c6 10. e4 cxd5 11. exd5 exd5 12. cxd5 Re8 13. O-O Nbd7 14. Nf5 Bf8 15. Bf4 Ne4 16. Bb5 a6 17. Qg4 Kh8 18. Nxe4 Rxe4 19. Bxd7 Qxd7 20. f3 Re5 21. Bxe5 dxe5 22. Kh1 Bxd5 23. Rad1 Qb5 24. a4 Qc6 25. Rc1 Qb7 26. Ne3 Be6 27. Qe4 Qxe4 28. fxe4 Rb8 29. Nd5 a5 30. Nc7 Bb3 31. Rc3 Bxa4 32. b3 Bb4 33. Na6 Re8 34. Nxb4 axb4 35. Re3 Bc6 36. Rxf7 Kg8 37. Rc7 Rd8 38. h3 Bb5 39. Re7 Re8 40. Rxe8+ Bxe8 41. Rd3 Kf8 42. Rd6 Bf7 43. Rxb6 Bxb3 44. Rxb4 Bf7 45. Rb5 Bg6 46. Rb4 1-0

[Event "Antwerp Open"]
[Site "Antwerp BEL"]
[Date "1993.??.??"]
[Round "6"]
[White "Vaisser, Anatoli V"]
[Black "Wells, Peter K"]
[Result "1/2-1/2"]
[WhiteElo "2570"]
[BlackElo "2485"]
[PlyCount "37"]
[EventDate "1993.08.??"]
[Source "www.chesslib.no"]
[SourceDate "2004.05.04"]

1. d4 Nf6 2. c4 e6 3. Nc3 Bb4 4. e3 b6 5. Nge2 Bb7 6. a3 Bd6 7. b3 O-O 8. Ng3 c5 9. Bb2 cxd4 10. Qxd4 Be7 11. Rd1 Nc6 12. Qf4 Qb8 13. Qxb8 Raxb8 14. Nge4 Na5 15. Nd2 Rbc8 16. b4 Nc6 17. f3 Rfd8 18. Kf2 d5 19. cxd5 1/2-1/2

[Event "Tan Chin Nam Cup 5th"]
[Site "Shenyang"]
[Date "1999.07.17"]
[Round "9"]
[White "Bu Xiangzhi"]
[Black "Sutovsky, Emil"]
[Result "1-0"]
[WhiteElo "2465"]
[BlackElo "2587"]
[PlyCount "157"]
[EventDate "1999.07.08"]
[Source "ChessBase"]
[SourceDate "1999.12.01"]

1. d4 Nf6 2. c4 e6 3. Nc3 Bb4 4. e3 b6 5. Nge2 O-O 6. a3 Bxc3+ 7. Nxc3 d5 8. Be2 Ba6 9. cxd5 Bxe2 10. Qxe2 exd5 11. O-O c5 12. dxc5 bxc5 13. Rd1 Nc6 14. Qf3 Qa5 15. Bd2 Ne5 16. Qf5 Qc7 17. b4 Neg4 18. h3 Qh2+ 19. Kf1 Nh6 20. Qf4 Qxf4 21. exf4 Rfc8 22. g4 d4 23. Nb5 Ne4 24. bxc5 Rxc5 25. Nxd4 Rd5 26. Be3 Rad8 27. Rdc1 f5 28. g5 Nf7 29. Ne6 R8d6 30. Rc8+ Nd8 31. Nxd8 Rxd8 32. Rxd8+ Rxd8 33. Bxa7 Ra8 34. Be3 Ra4 35. h4 Nc3 36. Kg2 Kf7 37. h5 Nd5 38. Kf3 Nc3 39. Bd2 Nd5 40. Ra2 Ke6 41. Be3 Kd6 42. Kg3 Ke6 43. Bc1 Rc4 44. Re2+ Kd7 45. Re5 Kd6 46. Bd2 g6 47. hxg6 hxg6 48. Re8 Rd4 49. Be3 Ra4 50. Rg8 Ne7 51. Rd8+ Kc6 52. Kg2 Kc7 53. Rf8 Nd5 54. Rf7+ Kd8 55. Rg7 Ra6 56. Rg8+ Kd7 57. Bd2 Rxa3 58. Rg7+ Ke8 59. Rxg6 Rd3 60. Be3 Kf7 61. Ra6 Nxe3+ 62. fxe3 Rxe3 63. Kf2 Rb3 64. Rf6+ Kg7 65. Rxf5 Kg6 66. Rf6+ Kg7 67. Re6 Ra3 68. Re3 Ra1 69. Kf3 Kg6 70. Re6+ Kf7 71. Rf6+ Kg7 72. Rd6 Kf7 73. Kg4 Ra4 74. g6+ Ke7 75. Rb6 Ra1 76. Kg5 Rg1+ 77. Kh6 Rh1+ 78. Kg7 Rf1 79. Rf6 1-0

[Event "Sochi (Russia)"]
[Site "?"]
[Date "2005.04.23"]
[Round "5"]
[White "Kornev Alexei"]
[Black "Chebotarev Oleg"]
[Result "0-1"]
[WhiteElo "2565"]
[BlackElo "2480"]
[PlyCount "132"]
[EventDate "2005.??.??"]
[Source "www.chesslib.no"]
[SourceDate "2004.05.04"]

1. c4 e6 2. Nc3 Nf6 3. d4 Bb4 4. e3 b6 5. Nge2 O-O 6. a3 Be7 7. d5 Re8 8. g3 Bb7 9. Bg2 d6 10. O-O c6 11. e4 Bf8 12. dxe6 fxe6 13. f4 e5 14. h3 Nbd7 15. f5 Qe7 16. g4 h6 17. Ng3 Nh7 18. Be3 Rad8 19. Qe2 Nc5 20. f6 Nxf6 21. g5 hxg5 22. Bxg5 Ncd7 23. h4 Ba6 24. Bh3 d5 25. exd5 Qc5+ 26. Be3 Bxc4 27. Qd2 Qxe3+ 28. Qxe3 Bc5 29. Qxc5 Nxc5 30. dxc6 Bxf1 31. Rxf1 Rd3 32. Kg2 Ne6 33. Bf5 Rd6 34. Bg6 Nf4+ 35. Rxf4 exf4 36. Bxe8 Nxe8 37. Nf5 Rd2+ 38. Kf3 Rxb2 39. Kxf4 Rc2 40. Ne4 Kf7 41. Nd4 Rc1 42. Ke5 Ke7 43. h5 Rh1 44. Ng3 Re1+ 45. Kf5 Re3 46. Ne4 Nd6+ 47. Nxd6 Kxd6 48. Kg6 Rg3+ 49. Kf5 a6 50. a4 Rd3 51. c7 Kxc7 52. Ne6+ Kd6 53. Nxg7 Kc5 54. h6 Kb4 55. h7 Rd8 56. Ne6 Rh8 57. Kg6 Kxa4 58. Kg7 Rxh7+ 59. Kxh7 a5 60. Kg6 Kb3 61. Kf5 a4 62. Nd4+ Kb2 63. Ke4 a3 64. Kd3 a2 65. Nc2 b5 66. Kd2 b4 0-1

[Event "EUCup Bayern-Porz"]
[Site "Bayern"]
[Date "1991.??.??"]
[Round "1"]
[White "Knaak, Rainer"]
[Black "Bischoff, Klaus"]
[Result "0-1"]
[WhiteElo "2535"]
[BlackElo "2510"]
[PlyCount "138"]
[EventDate "1991.??.??"]
[Source "ChessBase"]

1. d4 e6 2. c4 Nf6 3. Nc3 Bb4 4. e3 b6 5. Nge2 Ne4 6. Bd2 Nxd2 7. Qxd2 O-O 8. a3 Be7 9. d5 exd5 10. cxd5 c5 11. d6 Bf6 12. Nd5 Nc6 13. Ng3 g6 14. h4 Bb7 15. h5 Na5 16. Ne4 Bxd5 17. Qxd5 Bxb2 18. Ra2 Bg7 19. hxg6 hxg6 20. g4 Qe8 21. Bg2 Rc8 22. Ng5 c4 23. Nh7 Rc5 24. Qd1 Qe5 25. Nxf8 Bxf8 26. Ke2 Nb3 27. Rc2 Qe6 28. f4 Qxg4+ 29. Kf2 Qe6 30. Bh3 Qf6 31. Bxd7 Bxd6 32. Qf3 c3 33. Qa8+ Bf8 34. Bg4 Nd2 35. Be2 Rc7 36. Bd3 Rd7 37. Be2 Rd8 38. Qg2 Bc5 39. Qh2 Bxe3+ 40. Ke1 Bd4 41. Qh7+ Kf8 42. Qh6+ Ke7 43. Rh3 Qc6 44. Qg5+ Bf6 45. Rcxc3 Qxc3 46. Rxc3 Bxg5 47. fxg5 Rd4 48. Rc7+ Kf8 49. Kf2 Rh4 50. Ke3 Ne4 51. Rc8+ Kg7 52. Rc4 Nd6 53. Rxh4 Nf5+ 54. Ke4 Nxh4 55. Kd5 Nf5 56. Bd3 f6 57. gxf6+ Kxf6 58. Kc6 Ke5 59. Kb7 Kd4 60. Be2 Kc5 61. Kxa7 Nd4 62. Bd3 g5 63. Ka6 g4 64. a4 g3 65. Be4 Nb3 66. Bf3 Na5 67. Bg2 Nc4 68. Be4 Nb2 69. a5 b5 0-1

[Event "Corr"]
[Site "?"]
[Date "2001.??.??"]
[Round "?"]
[White "Macchia Antonio Jorge"]
[Black "Hofstetter Hans-Joachim"]
[Result "1/2-1/2"]
[WhiteElo "2490"]
[BlackElo "2554"]
[PlyCount "70"]
[EventDate "2001.??.??"]
[Source "www.chesslib.no"]
[SourceDate "2004.05.04"]

1. d4 Nf6 2. c4 e6 3. Nc3 Bb4 4. e3 b6 5. Nge2 Ne4 6. Qc2 f5 7. a3 Bxc3+ 8. Nxc3 Bb7 9. d5 Nxc3 10. Qxc3 Qe7 11. dxe6 dxe6 12. b4 a5 13. Bb2 axb4 14. axb4 Rxa1+ 15. Bxa1 Nd7 16. Be2 Qg5 17. Qxg7 Qxg7 18. Bxg7 Rg8 19. Bc3 Rxg2 20. f3 c5 21. Kf1 Rg8 22. Kf2 cxb4 23. Bxb4 Rg6 24. Ra1 Rh6 25. Kg2 Rg6+ 26. Kf1 Ne5 27. Ra7 Bxf3 28. Bxf3 Nxf3 29. Rxh7 Ne5 30. c5 bxc5 31. Bxc5 Nf7 32. h4 e5 33. Ke2 Rc6 34. Bb4 Rb6 35. Bc3 Kf8 1/2-1/2

[Event "Sauerland Stern Hotel op 1st"]
[Site "?"]
[Date "2001.07.10"]
[Round "8"]
[White "Epishin Vladimir"]
[Black "Senff Martin"]
[Result "1-0"]
[WhiteElo "2583"]
[BlackElo "2459"]
[PlyCount "81"]
[EventDate "2001.??.??"]
[Source "www.chesslib.no"]
[SourceDate "2004.05.04"]

1. d4 Nf6 2. c4 e6 3. Nc3 Bb4 4. e3 b6 5. Nge2 Ne4 6. Bd2 Nxd2 7. Qxd2 Bb7 8. d5 O-O 9. a3 Be7 10. g3 a5 11. Bg2 Na6 12. O-O Qc8 13. Rad1 Rd8 14. h4 Bf8 15. Qc2 Nc5 16. Rd2 a4 17. Ne4 Ra7 18. N2c3 Ba8 19. Rfd1 Re8 20. Nxc5 Bxc5 21. Nxa4 e5 22. Nc3 Bf8 23. Bh3 c5 24. dxc6 Bxc6 25. Qd3 Qa8 26. Qf1 Rc8 27. Bxd7 Bxd7 28. Rxd7 Rxd7 29. Rxd7 Qc6 30. Qd3 Qxc4 31. Qxc4 Rxc4 32. Rb7 f6 33. Nd5 Rc5 34. Nxb6 Rb5 35. b4 h5 36. Kf1 e4 37. Ke2 Bd6 38. Kd2 Rf5 39. Ke2 Rb5 40. Kd1 Rf5 41. Nc4 1-0

[Event "Aeroflot Open A2"]
[Site "Moscow RUS"]
[Date "2008.02.22"]
[Round "9"]
[White "Kacheishvili, G."]
[Black "Bosiocic, Mari"]
[Result "1-0"]
[WhiteElo "2544"]
[BlackElo "2498"]
[PlyCount "45"]
[EventDate "2008.02.14"]
[Source "www.chesslib.no"]
[SourceDate "2004.05.04"]

1. d4 Nf6 2. c4 e6 3. Nc3 Bb4 4. e3 b6 5. Nge2 Bb7 6. a3 Bd6 7. d5 c6 8. g3 e5 9. Bg2 a5 10. O-O Na6 11. Rb1 Qe7 12. h3 O-O 13. g4 cxd5 14. Ng3 g6 15. cxd5 Nc7 16. f4 Rab8 17. f5 e4 18. Ngxe4 Nxe4 19. Nxe4 Nxd5 20. Nxd6 Qxd6 21. Qd4 Qc5 22. Rd1 Nf6 23. Qxf6 1-0

[Event "Hoogovens"]
[Site "Wijk aan Zee"]
[Date "1990.??.??"]
[Round "7"]
[White "Petursson, Margeir"]
[Black "Nijboer, Friso"]
[Result "1-0"]
[WhiteElo "2555"]
[BlackElo "2485"]
[PlyCount "48"]
[EventDate "1990.01.??"]
[Source "ChessBase"]

1. d4 Nf6 2. c4 e6 3. Nc3 Bb4 4. e3 b6 5. Nge2 Bb7 6. a3 Be7 7. Ng3 d5 8. cxd5 Nxd5 9. Bb5+ c6 10. Bc4 O-O 11. e4 Nxc3 12. bxc3 c5 13. O-O Nc6 14. Be3 Rc8 15. Ba2 cxd4 16. cxd4 Na5 17. Qd3 Qd6 18. d5 g6 19. e5 Qxe5 20. dxe6 fxe6 21. Qd4 Rc5 22. Qd7 Qd6 23. Bxe6+ Kg7 24. Bd4+ Kh6 1-0

[Event "Ubeda op"]
[Site "Ubeda"]
[Date "1997.??.??"]
[Round "4"]
[White "Giorgadze, Giorgi"]
[Black "Gamundi Salamanca, Antonio"]
[Result "1/2-1/2"]
[WhiteElo "2595"]
[BlackElo "2440"]
[PlyCount "54"]
[EventDate "1997.02.??"]
[Source "ChessBase"]

1. d4 Nf6 2. c4 e6 3. Nc3 Bb4 4. e3 b6 5. Nge2 Bb7 6. a3 Be7 7. d5 O-O 8. Ng3 Re8 9. Be2 Bf8 10. O-O c6 11. e4 d6 12. Bf4 exd5 13. exd5 cxd5 14. cxd5 Nbd7 15. Nf5 Nxd5 16. Nxd5 Bxd5 17. Bb5 Be6 18. Nxd6 Bxd6 19. Qxd6 Qf6 20. Qd2 h6 21. Rac1 Qf5 22. a4 a6 23. Bc6 Rac8 24. Rfe1 Red8 25. Be4 Qf6 26. Rxc8 Rxc8 27. b4 Rc4 1/2-1/2

[Event "Netanya"]
[Site "Netanya ISR"]
[Date "1971.??.??"]
[Round "8"]
[White "Reshevsky, Samuel H"]
[Black "Bisguier, Arthur B"]
[Result "1/2-1/2"]
[WhiteElo "2560"]
[BlackElo "2470"]
[PlyCount "95"]
[EventDate "1971.06.??"]
[Source "www.chesslib.no"]
[SourceDate "2004.05.04"]

1. d4 Nf6 2. c4 e6 3. Nc3 Bb4 4. e3 b6 5. Nge2 Bb7 6. a3 Be7 7. d5 O-O 8. Ng3 d6 9. e4 Nbd7 10. Be2 a6 11. O-O c6 12. dxc6 Bxc6 13. b4 Qb8 14. Be3 Rd8 15. f4 Qb7 16. Bd3 Nf8 17. Qe2 Ng6 18. Rad1 b5 19. cxb5 axb5 20. Bc1 Rab8 21. Bb1 Rbc8 22. Ba2 Bf8 23. f5 exf5 24. Nxf5 Be8 25. Nd5 Nxd5 26. Bxd5 Bc6 27. Bb2 Bxd5 28. Rxd5 Re8 29. Qd3 Rc4 30. Bd4 Qc6 31. h3 Rc1 32. Be3 Rc3 33. Qxb5 Qxb5 34. Rxb5 Rxa3 35. Rb7 Rxe4 36. b5 Rexe3 37. Nxe3 Rxe3 38. Rfxf7 Rb3 39. Rfc7 h5 40. Rd7 Be7 41. b6 Kh7 42. Rxe7 Nxe7 43. Rxe7 Rxb6 44. Re6 Kh8 45. Re7 Kh7 46. Re6 g6 47. Re7+ Kh6 48. h4 1/2-1/2